[Event "6. Torneo Aficionados Bali - Sub-2300"]
[Site "Benidorm ESP"]
[Date "2007.11.30"]
[Round "1.3"]
[White "Serna Lara, Sergio"]
[Black "Sanchez Jerez, Emilio"]
[Result "0-1"]
[WhiteElo "2242"]
[BlackElo "2123"]
[PlyCount "86"]
[EventDate "2007.11.30"]
[EventType "swiss"]
[EventRounds "9"]
[EventCountry "ESP"]
[Source "lmi"]
[SourceDate "2007.11.30"]

1. d4 Nf6 2. c4 g6 3. Nc3 Bg7 4. e4 O-O 5. Nf3 d6 6. Be2 e5 7. O-O Nc6 8. d5
Ne7 9. a4 a5 10. Ne1 Nd7 11. Nd3 f5 12. f3 c5 13. exf5 gxf5 14. f4 e4 15. Nf2
Nf6 16. Be3 Kh8 17. Kh1 Neg8 18. Rg1 Nh6 19. h3 Nfg4 20. Nxg4 fxg4 21. g3 Nf5
22. Bf2 e3 23. Be1 gxh3 24. Bd3 Bd4 25. Qh5 Qe8 26. Qxh3 Rf6 27. Bxf5 Bxf5 28.
g4 Be4+ 29. Kh2 Rxf4 30. Bg3 Rf3 31. Raf1 e2 32. Nxe2 Bxg1+ 33. Nxg1 Rxf1 34.
Qxf1 Qf8 35. Qe1 Qh6+ 36. Nh3 Re8 37. Qc3+ Kg8 38. Bf4 Qg6 39. Nf2 h5 40. g5
Qf5 41. Qg3 Rf8 42. Nxe4 Qxe4 43. Bxd6 Qe2+ 0-1

[Event "6. Torneo Aficionados Bali - Sub-2300"]
[Site "Benidorm ESP"]
[Date "2007.11.30"]
[Round "1.5"]
[White "Raut, Cristian"]
[Black "Ridameya Tatche, Jose"]
[Result "1-0"]
[WhiteElo "2295"]
[BlackElo "2126"]
[PlyCount "73"]
[EventDate "2007.11.30"]
[EventType "swiss"]
[EventRounds "9"]
[EventCountry "ESP"]
[Source "lmi"]
[SourceDate "2007.11.30"]

1. e4 e5 2. Nf3 Nc6 3. Bb5 a6 4. Bxc6 dxc6 5. O-O Bg4 6. h3 h5 7. d3 Qf6 8. Be3
Bxf3 9. Qxf3 Qxf3 10. gxf3 Bd6 11. Kh1 f6 12. Rg1 g5 13. h4 gxh4 14. Nc3 Kf7
15. Ne2 Ne7 16. f4 exf4 17. Nxf4 Bxf4 18. Bxf4 Rac8 19. Rg2 Ng6 20. Bh2 Rhg8
21. Rag1 Ne7 22. Rxg8 Nxg8 23. Kg2 Ne7 24. Kh3 Ng6 25. f4 Re8 26. f5 Ne5 27.
Bxe5 Rxe5 28. Kxh4 c5 29. Kxh5 c4 30. Kh6 cxd3 31. cxd3 Rc5 32. Rg7+ Kf8 33.
Kg6 Rc2 34. Rf7+ Ke8 35. Kxf6 Kd8 36. e5 Rxb2 37. Rf8+ 1-0

[Event "6. Torneo Aficionados Bali - Sub-2300"]
[Site "Benidorm ESP"]
[Date "2007.11.30"]
[Round "1.12"]
[White "Escobar Torres, Antonio"]
[Black "Bosque Ortega, Xavier"]
[Result "0-1"]
[WhiteElo "2126"]
[BlackElo "2280"]
[PlyCount "134"]
[EventDate "2007.11.30"]
[EventType "swiss"]
[EventRounds "9"]
[EventCountry "ESP"]
[Source "lmi"]
[SourceDate "2007.11.30"]

1. e4 c6 2. d4 d5 3. Nd2 g6 4. Ngf3 Bg7 5. c3 Bg4 6. h3 Bxf3 7. Qxf3 e6 8. Be2
Nf6 9. O-O O-O 10. Re1 Qb6 11. Bf1 Nbd7 12. Qd1 Nxe4 13. Nxe4 dxe4 14. Rxe4 e5
15. dxe5 Nxe5 16. Qe2 Nd7 17. Bf4 c5 18. Qc2 Nf6 19. Ree1 Rfe8 20. Bc4 Nh5 21.
Bh2 Rad8 22. Rxe8+ Rxe8 23. Rd1 Be5 24. Bxe5 Rxe5 25. Rd7 Re1+ 26. Kh2 Re7 27.
Rxe7 Qd6+ 28. Kg1 Qxe7 29. Qd2 b6 30. g3 Nf6 31. Qe2 Qxe2 32. Bxe2 Ne4 33. Kf1
Kg7 34. Bd3 Nd6 35. Ke2 Kf6 36. Ke3 Ke5 37. h4 h6 38. f4+ Kf6 39. g4 Ke6 40.
Be2 f6 41. b4 g5 42. hxg5 hxg5 43. bxc5 bxc5 44. Bd1 Nc4+ 45. Ke4 Nd6+ 46. Ke3
gxf4+ 47. Kxf4 Nb5 48. Bb3+ Kd6 49. Kf5 Ke7 50. c4 Nd4+ 51. Kg6 Ke6 52. Ba4 Nf3
53. Bb3 Nd4 54. Ba4 Nf3 55. Bb3 Ne5+ 56. Kh5 Nd3 57. Kg6 Nf2 58. Bc2 Ke5 59.
Bf5 Nd1 60. g5 fxg5 61. Kxg5 Ne3 62. Bd3 Kd4 63. Be2 Nxc4 64. Kf4 Ne5 65. Bd1
c4 66. Bc2 Nd3+ 67. Kf5 Nb4 0-1

[Event "6. Torneo Aficionados Bali - Sub-2300"]
[Site "Benidorm ESP"]
[Date "2007.11.30"]
[Round "1.16"]
[White "Muelas Cerezuela, Jose"]
[Black "Voiteanu, Gabriel"]
[Result "0-1"]
[WhiteElo "2156"]
[BlackElo "2278"]
[PlyCount "38"]
[EventDate "2007.11.30"]
[EventType "swiss"]
[EventRounds "9"]
[EventCountry "ESP"]
[Source "lmi"]
[SourceDate "2007.11.30"]

1. e4 e5 2. Nf3 Nf6 3. Nxe5 d6 4. Nf3 Nxe4 5. Qe2 Qe7 6. d3 Nf6 7. Bg5 Qxe2+ 8.
Bxe2 Be7 9. Nc3 c6 10. Ne4 Nxe4 11. dxe4 Bxg5 12. Nxg5 Nd7 13. O-O-O Ke7 14.
Rd2 Nc5 15. h4 Na4 16. Bc4 Be6 17. Nxe6 fxe6 18. f4 Rhf8 19. Rf1 Nc5 0-1

[Event "6. Torneo Aficionados Bali - Sub-2300"]
[Site "Benidorm ESP"]
[Date "2007.11.30"]
[Round "1.21"]
[White "Garcia Moral Garcia, Jose Daniel"]
[Black "Blanco Gutierrez, Pedro"]
[Result "1/2-1/2"]
[WhiteElo "2239"]
[BlackElo "2041"]
[PlyCount "99"]
[EventDate "2007.11.30"]
[EventType "swiss"]
[EventRounds "9"]
[EventCountry "ESP"]
[Source "lmi"]
[SourceDate "2007.11.30"]

1. e4 c5 2. Nf3 g6 3. c4 Bg7 4. d4 cxd4 5. Nxd4 Nf6 6. Nc3 Nc6 7. Nc2 O-O 8.
Be2 b6 9. O-O Bb7 10. f3 Qb8 11. Be3 Rd8 12. f4 d6 13. Bf3 e5 14. f5 gxf5 15.
exf5 Ne7 16. Bxb7 Qxb7 17. Bg5 d5 18. cxd5 Nexd5 19. Qf3 Rd7 20. Bxf6 Nxf6 21.
Qxb7 Rxb7 22. Rad1 Bf8 23. Rfe1 Bc5+ 24. Kf1 Re8 25. Nb5 Ng4 26. h3 Nh6 27. g4
f6 28. Nd6 Bxd6 29. Rxd6 Kg7 30. Red1 Nf7 31. Rd7 Re7 32. Rxb7 Rxb7 33. Ke2 Ng5
34. h4 Ne4 35. Ke3 Nc5 36. g5 Rf7 37. Rf1 Rd7 38. b4 Na4 39. Na3 Nc3 40. Rc1
Nd5+ 41. Kf3 Nxb4 42. Nb5 Rf7 43. Nd6 e4+ 44. Kg4 Re7 45. Rc8 Nd5 46. Ne8+ Kf7
47. Nd6+ Kg7 48. Ne8+ Kf7 49. Nd6+ Kg7 50. Ne8+ 1/2-1/2

[Event "6. Torneo Aficionados Bali - Sub-2300"]
[Site "Benidorm ESP"]
[Date "2007.11.30"]
[Round "1.24"]
[White "Pavon Cardenas, Jesus M"]
[Black "Uribe Arteaga, Daniel"]
[Result "0-1"]
[WhiteElo "2103"]
[BlackElo "2237"]
[PlyCount "26"]
[EventDate "2007.11.30"]
[EventType "swiss"]
[EventRounds "9"]
[EventCountry "ESP"]
[Source "lmi"]
[SourceDate "2007.11.30"]

1. e4 e5 2. Nf3 Nc6 3. Bc4 Bc5 4. c3 Nf6 5. d4 exd4 6. e5 d5 7. exf6 dxc4 8.
Qe2+ Be6 9. fxg7 Rg8 10. Bg5 Qd5 11. Bf6 d3 12. Qd2 Qf5 13. Qh6 Qe4+ 0-1

[Event "6. Torneo Aficionados Bali - Sub-2300"]
[Site "Benidorm ESP"]
[Date "2007.11.30"]
[Round "1.27"]
[White "Naranjo Moreno, Antonio"]
[Black "Orfali, Marcelo-Rafael"]
[Result "1/2-1/2"]
[WhiteElo "2236"]
[BlackElo "2106"]
[PlyCount "45"]
[EventDate "2007.11.30"]
[EventType "swiss"]
[EventRounds "9"]
[EventCountry "ESP"]
[Source "lmi"]
[SourceDate "2007.11.30"]

1. e4 e5 2. Nf3 Nc6 3. Nc3 d6 4. d4 exd4 5. Nxd4 Nf6 6. Nxc6 bxc6 7. Bd3 Be7 8.
O-O O-O 9. Re1 Rb8 10. Rb1 Ng4 11. Be2 Bf6 12. Bxg4 Bxc3 13. Re3 Bxg4 14. Qxg4
Bd4 15. Rd3 Qf6 16. Rf3 Qe6 17. Qxe6 fxe6 18. Rxf8+ Rxf8 19. Be3 Bxe3 20. fxe3
Rb8 21. a3 Rb5 22. Kf2 Kf7 23. Ke2 1/2-1/2

[Event "6. Torneo Aficionados Bali - Sub-2300"]
[Site "Benidorm ESP"]
[Date "2007.11.30"]
[Round "1.29"]
[White "Garrido Fernandez, Daniel"]
[Black "Hostalet Ferrer, Pedro"]
[Result "0-1"]
[WhiteElo "2250"]
[BlackElo "2021"]
[PlyCount "65"]
[EventDate "2007.11.30"]
[EventType "swiss"]
[EventRounds "9"]
[EventCountry "ESP"]
[Source "lmi"]
[SourceDate "2007.11.30"]

1. e4 c6 2. Nc3 d5 3. f4 dxe4 4. Nxe4 Nd7 5. Nf3 Ngf6 6. Nf2 e6 7. g3 b6 8. Bg2
Bb7 9. Qe2 Be7 10. b3 c5 11. Bb2 O-O 12. O-O Re8 13. Nd3 Qc7 14. Nde5 Nxe5 15.
fxe5 Nd7 16. Rf2 Rad8 17. Raf1 Rf8 18. Ne1 Nb8 19. Bxb7 Qxb7 20. Nd3 Nc6 21.
Qh5 g6 22. Qh6 Nd4 23. g4 Qe4 24. Nf4 Qxe5 25. Bxd4 Qxd4 26. c3 Qg7 27. Qh3 e5
28. Ng2 Bg5 29. Ne3 Rd3 30. Qf3 Bxe3 31. dxe3 Rxc3 32. a4 h6 33. h4 0-1

[Event "6. Torneo Aficionados Bali - Sub-2300"]
[Site "Benidorm ESP"]
[Date "2007.11.30"]
[Round "1.34"]
[White "Gomez Benitez, David"]
[Black "Cantero, Antonio"]
[Result "0-1"]
[WhiteElo "2068"]
[BlackElo "2210"]
[PlyCount "58"]
[EventDate "2007.11.30"]
[EventType "swiss"]
[EventRounds "9"]
[EventCountry "ESP"]
[Source "lmi"]
[SourceDate "2007.11.30"]

1. d4 d5 2. Nf3 Nf6 3. c4 e6 4. g3 c6 5. Qc2 Bd6 6. Bg2 Nbd7 7. O-O O-O 8. Nc3
dxc4 9. e4 e5 10. Rd1 Qe7 11. a4 exd4 12. Nxd4 Ne5 13. h3 Bc5 14. Be3 Bd7 15.
f4 Nd3 16. Kh2 Rad8 17. Qe2 h5 18. Nc2 h4 19. e5 hxg3+ 20. Kxg3 Nd5 21. Bxd5
cxd5 22. Nxd5 Qe6 23. Rxd3 Qxh3+ 24. Kf2 cxd3 25. Qxd3 Bf5 26. Qc4 Qh2+ 27. Kf3
Be6 28. Qxc5 Bxd5+ 29. Kg4 Qg2+ 0-1

[Event "6. Torneo Aficionados Bali - Sub-2300"]
[Site "Benidorm ESP"]
[Date "2007.11.30"]
[Round "1.37"]
[White "Minaya, Juan"]
[Black "Moragrega Herrero, Juan J"]
[Result "1-0"]
[WhiteElo "2244"]
[BlackElo "2116"]
[PlyCount "89"]
[EventDate "2007.11.30"]
[EventType "swiss"]
[EventRounds "9"]
[EventCountry "ESP"]
[Source "lmi"]
[SourceDate "2007.11.30"]

1. e4 e6 2. d4 d5 3. Nd2 c5 4. exd5 exd5 5. Ngf3 c4 6. Be2 Nf6 7. O-O Be7 8. c3
h6 9. b3 cxb3 10. axb3 O-O 11. Ne5 Bf5 12. Bf3 Nc6 13. Re1 Bd6 14. Bb2 Re8 15.
Nxc6 bxc6 16. Rxe8+ Qxe8 17. Nf1 Qe7 18. Ng3 Bg6 19. Ra6 Qb7 20. Be2 Ne8 21. b4
Nc7 22. Ra2 Nb5 23. Qb3 Re8 24. Bc1 f5 25. f4 Qb6 26. Bd2 Nxd4 27. cxd4 Qxd4+
28. Kf1 Bxf4 29. Qd3 Qe5 30. Bc3 Qc7 31. Bd4 Qd6 32. Rxa7 Be5 33. Bh5 Qf6 34.
Bxg6 Qxg6 35. Ne2 Qd6 36. Qc3 Qf6 37. Rc7 Bxd4 38. Qxd4 Qg6 39. Nf4 Qg4 40.
Rxc6 Qg5 41. Rg6 Qe7 42. Re6 Qd7 43. Rxe8+ Qxe8 44. Qxd5+ Kh7 45. Qxf5+ 1-0

[Event "6. Torneo Aficionados Bali - Sub-2300"]
[Site "Benidorm ESP"]
[Date "2007.12.01"]
[Round "2.1"]
[White "Kozarcanin, Sead"]
[Black "Raut, Cristian"]
[Result "0-1"]
[WhiteElo "2207"]
[BlackElo "2295"]
[PlyCount "108"]
[EventDate "2007.11.30"]
[EventType "swiss"]
[EventRounds "9"]
[EventCountry "ESP"]
[Source "lmi"]
[SourceDate "2007.11.30"]

1. Nf3 Nf6 2. b3 g6 3. Bb2 Bg7 4. g3 b6 5. Bg2 Bb7 6. O-O O-O 7. c4 c5 8. d4
cxd4 9. Nxd4 Bxg2 10. Kxg2 d5 11. cxd5 Qxd5+ 12. Nf3 Nc6 13. Qxd5 Nxd5 14. Bxg7
Kxg7 15. e4 Ndb4 16. Nbd2 Rfd8 17. Rac1 Rac8 18. a3 Nd3 19. Rb1 Nce5 20. b4 Rc2
21. Rb3 Ng4 22. h3 Ngxf2 23. Rxf2 Nxf2 24. Kxf2 Rcxd2+ 25. Nxd2 Rxd2+ 26. Ke3
Ra2 27. Kd4 Kf6 28. Kd5 Rd2+ 29. Kc6 Ke5 30. Kb7 Rd7+ 31. Kc8 Rd6 32. Kb7 Kxe4
33. Kxa7 b5 34. Rb1 Rd3 35. Re1+ Kf5 36. Kb6 e5 37. Kxb5 Rxa3 38. Kc4 Ke6 39.
Rd1 Ra8 40. b5 Rc8+ 41. Kb4 f5 42. b6 e4 43. Kb5 g5 44. b7 Rb8 45. Kc6 e3 46.
h4 h6 47. Rd6+ Ke5 48. Rxh6 f4 49. Rg6 e2 50. Rxg5+ Kf6 51. Kc7 Rxb7+ 52. Kxb7
f3 53. g4 e1=Q 54. Rf5+ Ke7 0-1

[Event "6. Torneo Aficionados Bali - Sub-2300"]
[Site "Benidorm ESP"]
[Date "2007.12.01"]
[Round "2.5"]
[White "Sanchez Quiroga, Miguel Angel"]
[Black "Hess, Christian Mathias"]
[Result "0-1"]
[WhiteElo "2190"]
[BlackElo "2283"]
[PlyCount "60"]
[EventDate "2007.11.30"]
[EventType "swiss"]
[EventRounds "9"]
[EventCountry "ESP"]
[Source "lmi"]
[SourceDate "2007.11.30"]

1. e4 e6 2. d4 d5 3. Nd2 Be7 4. Bd3 c5 5. dxc5 Nf6 6. Qe2 O-O 7. Ngf3 a5 8. c3
Na6 9. e5 Nd7 10. O-O Naxc5 11. Bc2 b6 12. Re1 Ba6 13. Qe3 f6 14. b4 fxe5 15.
Nxe5 Nxe5 16. bxc5 Bxc5 17. Qxe5 Bxf2+ 18. Kh1 Bxe1 19. Qxe6+ Kh8 20. Qxe1 d4
21. Nf3 d3 22. Bb3 Qd7 23. Bd2 Rae8 24. Qh4 Bb7 25. Ng5 Qf5 26. Rg1 Re2 27. Bf4
h6 28. Nh3 Rfe8 29. Bxh6 Bxg2+ 30. Rxg2 Qf1+ 0-1

[Event "6. Torneo Aficionados Bali - Sub-2300"]
[Site "Benidorm ESP"]
[Date "2007.12.01"]
[Round "2.8"]
[White "Voiteanu, Gabriel"]
[Black "Acebal Muniz, Antonio"]
[Result "1-0"]
[WhiteElo "2278"]
[BlackElo "2171"]
[PlyCount "33"]
[EventDate "2007.11.30"]
[EventType "swiss"]
[EventRounds "9"]
[EventCountry "ESP"]
[Source "lmi"]
[SourceDate "2007.11.30"]

1. d4 d5 2. Nf3 c5 3. c4 cxd4 4. Qxd4 Nf6 5. cxd5 Qxd5 6. Nc3 Qxd4 7. Nxd4 e5
8. Ndb5 Na6 9. Bg5 Be6 10. Bxf6 gxf6 11. O-O-O Bc5 12. e3 Ke7 13. Nd5+ Bxd5 14.
Rxd5 Rac8 15. Nc3 Bb4 16. Rd1 Rhd8 17. Be2 1-0

[Event "6. Torneo Aficionados Bali - Sub-2300"]
[Site "Benidorm ESP"]
[Date "2007.12.01"]
[Round "2.9"]
[White "Perez Garcia, Roberto"]
[Black "Galvan, Jesus"]
[Result "1/2-1/2"]
[WhiteElo "2198"]
[BlackElo "2238"]
[PlyCount "84"]
[EventDate "2007.11.30"]
[EventType "swiss"]
[EventRounds "9"]
[EventCountry "ESP"]
[Source "lmi"]
[SourceDate "2007.11.30"]

1. e4 e5 2. Nf3 Nf6 3. Nxe5 d6 4. Nf3 Nxe4 5. Nc3 Nf6 6. d4 Be7 7. Bd3 Bg4 8.
h3 Bh5 9. Qe2 c6 10. Bg5 O-O 11. g4 Bg6 12. Bxg6 hxg6 13. O-O-O Re8 14. Rde1
Nd5 15. Bxe7 Rxe7 16. Qd2 Nxc3 17. Qxc3 Nd7 18. g5 Nb6 19. h4 Nd5 20. Qd2 Rxe1+
21. Nxe1 b5 22. h5 gxh5 23. Rxh5 Qd7 24. Rh4 Re8 25. Nd3 Qe6 26. Qd1 g6 27. Qh1
Kf8 28. b3 Qf5 29. Rh8+ Ke7 30. Qe1+ Qe6 31. Qxe6+ fxe6 32. Rh7+ Kd8 33. Rxa7
Nc7 34. Nb4 Rf8 35. Nxc6+ Kc8 36. a4 bxa4 37. Rxa4 Kd7 38. Na5 Rxf2 39. Nc4 Rf5
40. Ra5 Nb5 41. Ne5+ dxe5 42. Rxb5 Rf1+ 1/2-1/2

[Event "6. Torneo Aficionados Bali - Sub-2300"]
[Site "Benidorm ESP"]
[Date "2007.12.01"]
[Round "2.11"]
[White "Fenollar Jorda, Manuel"]
[Black "Ribes Peris, Alvaro"]
[Result "1/2-1/2"]
[WhiteElo "2236"]
[BlackElo "2075"]
[PlyCount "130"]
[EventDate "2007.11.30"]
[EventType "swiss"]
[EventRounds "9"]
[EventCountry "ESP"]
[Source "lmi"]
[SourceDate "2007.11.30"]

1. e4 Nf6 2. e5 Nd5 3. d4 d6 4. c4 Nb6 5. f4 g6 6. Be3 Bg7 7. Nc3 O-O 8. Nf3
Be6 9. b3 c6 10. Be2 Na6 11. h4 Bg4 12. Ng5 Bxe2 13. Qxe2 h6 14. Nf3 h5 15. f5
dxe5 16. Nxe5 Nd7 17. O-O-O Nxe5 18. dxe5 Qa5 19. Bd2 Qxe5 20. Qxe5 Bxe5 21.
Rhe1 Bd6 22. Bh6 Rfe8 23. fxg6 fxg6 24. Ne4 Ba3+ 25. Kb1 Rad8 26. Ng5 Nb4 27.
Ne6 Rxd1+ 28. Rxd1 Na6 29. Be3 Bd6 30. Bxa7 c5 31. Rd5 Rc8 32. Bb6 Nb4 33. Rd1
Rc6 34. Ba5 Nxa2 35. Bd2 Nb4 36. Rf1 Rc8 37. Bxb4 cxb4 38. Rf3 Be5 39. Kc2 Bf6
40. g3 b5 41. c5 Rc6 42. Re3 Ra6 43. Kd3 Kf7 44. Nd4 Bxd4 45. Kxd4 e6 46. Re5
Ke7 47. Rg5 Kf6 48. Re5 Ra1 49. Re2 Rd1+ 50. Ke4 Rc1 51. Kd4 Rc3 52. c6 Rxc6
53. Re5 Rd6+ 54. Ke4 Rd5 55. Rxd5 exd5+ 56. Kxd5 Kf5 57. Kc5 Kg4 58. Kxb4 Kxg3
59. Kxb5 Kxh4 60. b4 Kg5 61. Kc5 h4 62. b5 h3 63. b6 h2 64. b7 h1=Q 65. b8=Q
Qc1+ 1/2-1/2

[Event "6. Torneo Aficionados Bali - Sub-2300"]
[Site "Benidorm ESP"]
[Date "2007.12.01"]
[Round "2.12"]
[White "Sabater Sanchez, Asensio"]
[Black "Celaya Tapiz, Jose Maria"]
[Result "1/2-1/2"]
[WhiteElo "2166"]
[BlackElo "2239"]
[PlyCount "107"]
[EventDate "2007.11.30"]
[EventType "swiss"]
[EventRounds "9"]
[EventCountry "ESP"]
[Source "lmi"]
[SourceDate "2007.11.30"]

1. d4 d5 2. Bg5 c6 3. e3 Bf5 4. Bd3 Bxd3 5. Qxd3 Nd7 6. Nf3 Ngf6 7. O-O e6 8.
c4 Be7 9. Nc3 O-O 10. Rac1 Nh5 11. Bxe7 Qxe7 12. Ne5 Nhf6 13. Nxd7 Qxd7 14.
cxd5 exd5 15. b4 a6 16. Na4 Qe7 17. Nc5 Rfe8 18. a4 Ne4 19. b5 cxb5 20. axb5 a5
21. Nxe4 dxe4 22. Qc4 Qd7 23. Qc7 Qxb5 24. Rb1 Qd5 25. Qxb7 Qxb7 26. Rxb7 Reb8
27. Rxb8+ Rxb8 28. Ra1 Kf8 29. h4 Rb5 30. Kh2 h6 31. Kg3 g5 32. hxg5 hxg5 33.
Rc1 Kg7 34. Rc6 f6 35. Ra6 Kg6 36. Kg4 Rb2 37. Kg3 Ra2 38. f3 Re2 39. Rxa5 Rxe3
40. Kf2 Rd3 41. fxe4 Rxd4 42. Ke3 Rb4 43. Ra3 Rb1 44. Kf2 Rb6 45. Re3 Kf7 46.
Rd3 Ke6 47. Kf3 Rb5 48. Ke3 Rb1 49. Ra3 Re1+ 50. Kf3 Rf1+ 51. Ke2 Rf4 52. Ke3
Kf7 53. Ra1 Rh4 54. Kf3 1/2-1/2

[Event "6. Torneo Aficionados Bali - Sub-2300"]
[Site "Benidorm ESP"]
[Date "2007.12.01"]
[Round "2.18"]
[White "Navarro Perez, Manuel"]
[Black "Carrascoso Morales, Abel"]
[Result "1/2-1/2"]
[WhiteElo "2141"]
[BlackElo "2216"]
[PlyCount "74"]
[EventDate "2007.11.30"]
[EventType "swiss"]
[EventRounds "9"]
[EventCountry "ESP"]
[Source "lmi"]
[SourceDate "2007.11.30"]

1. e4 d6 2. Bc4 Nf6 3. d3 c6 4. Nc3 g6 5. a4 Bg7 6. Nge2 O-O 7. O-O d5 8. Bb3
e5 9. Bg5 Be6 10. d4 exd4 11. Nxd4 h6 12. exd5 Bxd5 13. Nxd5 hxg5 14. Nxf6+
Qxf6 15. c3 Na6 16. Re1 Rad8 17. Qe2 Nc5 18. Bc2 a5 19. h3 Rd5 20. Qe3 Rfd8 21.
Nf3 Ne6 22. Bb3 Rd3 23. Qb6 Nf4 24. Ne5 Nd5 25. Qxa5 Rd2 26. Ng4 Qd6 27. Bxd5
cxd5 28. Qb5 Qd7 29. Qxd7 Rxd7 30. Rab1 d4 31. Ne5 Re7 32. Nc4 Rxe1+ 33. Rxe1
Rc2 34. Rb1 dxc3 35. bxc3 Rxc3 36. Na5 Ra3 37. Nxb7 Rxa4 1/2-1/2

[Event "6. Torneo Aficionados Bali - Sub-2300"]
[Site "Benidorm ESP"]
[Date "2007.12.01"]
[Round "2.26"]
[White "Renteria, Jorge"]
[Black "Sahelices Casado, Roberto"]
[Result "1-0"]
[WhiteElo "2233"]
[BlackElo "2067"]
[PlyCount "57"]
[EventDate "2007.11.30"]
[EventType "swiss"]
[EventRounds "9"]
[EventCountry "ESP"]
[Source "lmi"]
[SourceDate "2007.11.30"]

1. e4 c5 2. Nf3 d6 3. d4 Nf6 4. Nc3 cxd4 5. Nxd4 Nc6 6. f3 e5 7. Nb3 Be7 8. Be3
O-O 9. Qd2 a5 10. Bb5 Na7 11. Be2 Bd7 12. Rd1 a4 13. Nc1 a3 14. b3 Qa5 15. O-O
Nb5 16. Nxb5 Bxb5 17. Qxa5 Rxa5 18. Bd2 Bxe2 19. Bxa5 Bxd1 20. Rxd1 Ra8 21. Bb4
Ra6 22. c4 Ne8 23. Ne2 Rb6 24. Nc3 Bg5 25. Kf2 Ra6 26. Nb5 Be7 27. Bxa3 Nc7 28.
Nxc7 Rxa3 29. Rd2 1-0

[Event "6. Torneo Aficionados Bali - Sub-2300"]
[Site "Benidorm ESP"]
[Date "2007.12.01"]
[Round "2.28"]
[White "Martin Martin, Luis Vicente"]
[Black "Jove Grau, Lluis"]
[Result "1-0"]
[WhiteElo "2063"]
[BlackElo "2165"]
[PlyCount "43"]
[EventDate "2007.11.30"]
[EventType "swiss"]
[EventRounds "9"]
[EventCountry "ESP"]
[Source "lmi"]
[SourceDate "2007.11.30"]

1. e4 c5 2. Nf3 a6 3. c4 e6 4. Nc3 Qc7 5. Be2 Nf6 6. O-O b6 7. d4 cxd4 8. Nxd4
Bb7 9. Qc2 d6 10. Be3 Nbd7 11. Rfd1 Be7 12. Rac1 O-O 13. f3 Rac8 14. Bf1 Ne5
15. Qf2 Qb8 16. b3 d5 17. cxd5 exd5 18. Nf5 Ba3 19. Nxd5 Nxd5 20. Rxc8 Qxc8 21.
Rxd5 Bxd5 22. Ne7+ 1-0

[Event "6. Torneo Aficionados Bali - Sub-2300"]
[Site "Benidorm ESP"]
[Date "2007.12.01"]
[Round "2.31"]
[White "Bermejo Martinez, Jorge"]
[Black "Ballester Llagaria, Luis"]
[Result "1-0"]
[WhiteElo "2215"]
[BlackElo "2023"]
[PlyCount "65"]
[EventDate "2007.11.30"]
[EventType "swiss"]
[EventRounds "9"]
[EventCountry "ESP"]
[Source "lmi"]
[SourceDate "2007.11.30"]

1. Nf3 d5 2. c4 e6 3. d4 c5 4. cxd5 exd5 5. Nc3 Nc6 6. g3 Nf6 7. Bg2 Be7 8. O-O
O-O 9. Bg5 c4 10. Ne5 Be6 11. Qd2 h6 12. Bf4 Re8 13. Rad1 Qb6 14. e4 Red8 15.
Nxc6 bxc6 16. e5 Nh7 17. Be3 Rab8 18. b3 cxb3 19. axb3 Qxb3 20. Rb1 Qc4 21.
Rfc1 Ba3 22. Nxd5 Bxc1 23. Ne7+ Kf8 24. Rxc1 Qxc1+ 25. Qxc1 Kxe7 26. Qc5+ Ke8
27. Bxc6+ Bd7 28. d5 Nf8 29. Bd2 Rdc8 30. Bb4 Ng6 31. Bxd7+ Kxd7 32. Qxa7+ Ke8
33. e6 1-0

[Event "6. Torneo Aficionados Bali - Sub-2300"]
[Site "Benidorm ESP"]
[Date "2007.12.01"]
[Round "2.60"]
[White "Ferrer Roig, Juan"]
[Black "Valdezate Suarez, Fernando"]
[Result "1-0"]
[WhiteElo "2142"]
[BlackElo "2040"]
[PlyCount "45"]
[EventDate "2007.11.30"]
[EventType "swiss"]
[EventRounds "9"]
[EventCountry "ESP"]
[Source "lmi"]
[SourceDate "2007.11.30"]

1. e4 e6 2. d4 d5 3. exd5 exd5 4. Nf3 Bg4 5. Bd3 Nf6 6. O-O Be7 7. Bg5 O-O 8.
Nbd2 h6 9. Bh4 Ne4 10. Bxe7 Qxe7 11. Re1 f5 12. c4 Qf6 13. Be2 Nc6 14. cxd5
Nxd4 15. Nxd4 Qxd4 16. Nxe4 Qxe4 17. Bxg4 Qxg4 18. Qb3 f4 19. f3 Qg5 20. Rac1
Rae8 21. d6+ Kh8 22. Rxe8 Rxe8 23. dxc7 1-0

[Event "6. Torneo Aficionados Bali - Sub-2300"]
[Site "Benidorm ESP"]
[Date "2007.12.02"]
[Round "3.1"]
[White "Raut, Cristian"]
[Black "Rocabert Andreu, Guillermo"]
[Result "1-0"]
[WhiteElo "2295"]
[BlackElo "2226"]
[PlyCount "63"]
[EventDate "2007.11.30"]
[EventType "swiss"]
[EventRounds "9"]
[EventCountry "ESP"]
[Source "lmi"]
[SourceDate "2007.11.30"]

1. e4 Nf6 2. e5 Nd5 3. d4 d6 4. c4 Nb6 5. exd6 cxd6 6. Nc3 g6 7. Be3 Bg7 8. Rc1
O-O 9. b3 Bd7 10. Be2 e6 11. Nf3 d5 12. c5 Nc8 13. b4 a6 14. a4 Ne7 15. b5 axb5
16. axb5 Nf5 17. Qb3 Be8 18. O-O Nd7 19. Ra1 Qb8 20. Ra4 Rxa4 21. Nxa4 Nf6 22.
Ne5 Ne4 23. Qb2 Qa7 24. Ra1 Qb8 25. Rc1 f6 26. c6 bxc6 27. Nxc6 Bxc6 28. bxc6
Qxb2 29. Nxb2 Nfd6 30. c7 Kf7 31. Ba6 Nc8 32. Bxc8 1-0

[Event "6. Torneo Aficionados Bali - Sub-2300"]
[Site "Benidorm ESP"]
[Date "2007.12.02"]
[Round "3.5"]
[White "Jove Grau, Lluis"]
[Black "Voiteanu, Gabriel"]
[Result "0-1"]
[WhiteElo "2165"]
[BlackElo "2278"]
[PlyCount "61"]
[EventDate "2007.11.30"]
[EventType "swiss"]
[EventRounds "9"]
[EventCountry "ESP"]
[Source "lmi"]
[SourceDate "2007.11.30"]

1. d4 Nf6 2. Nf3 g6 3. e3 Bg7 4. Bd3 d5 5. O-O O-O 6. b3 c5 7. Bb2 Ne4 8. c4
Nc6 9. Ne5 cxd4 10. Nxc6 bxc6 11. exd4 Nc5 12. Be2 dxc4 13. Bxc4 Ne6 14. Bxe6
Bxe6 15. Qd2 c5 16. Rd1 Qd5 17. Qa5 cxd4 18. Qxd5 Bxd5 19. Bxd4 Bxb3 20. axb3
Rfd8 21. Ra4 e5 22. Nd2 Rxd4 23. Rxd4 exd4 24. Kf1 Rc8 25. Nc4 Rc5 26. Ra1 Rc7
27. Ra5 Rb7 28. Nd6 Rb6 29. Ne4 Rxb3 30. Rxa7 f5 31. Ra8+ 0-1

[Event "6. Torneo Aficionados Bali - Sub-2300"]
[Site "Benidorm ESP"]
[Date "2007.12.02"]
[Round "3.21"]
[White "Garrido Fernandez, Daniel"]
[Black "Sabater Sanchez, Asensio"]
[Result "1-0"]
[WhiteElo "2250"]
[BlackElo "2166"]
[PlyCount "77"]
[EventDate "2007.11.30"]
[EventType "swiss"]
[EventRounds "9"]
[EventCountry "ESP"]
[Source "lmi"]
[SourceDate "2007.11.30"]

1. e4 Nf6 2. e5 Nd5 3. d4 d6 4. c4 Nb6 5. exd6 cxd6 6. Nc3 g6 7. Be3 Bg7 8. Rc1
O-O 9. b3 e5 10. dxe5 dxe5 11. Qxd8 Rxd8 12. c5 N6d7 13. Bc4 Nf8 14. Bg5 Rd7
15. Ne4 h6 16. Be3 Re7 17. Nd6 Be6 18. Ne2 Nc6 19. O-O Bxc4 20. Rxc4 Ne6 21.
Nc3 Rd8 22. b4 f5 23. f3 e4 24. Nd5 Red7 25. fxe4 Ne5 26. Rc2 fxe4 27. Nf6+
Bxf6 28. Rxf6 Ng7 29. Bxh6 Nf5 30. Bf4 Nd3 31. Rxg6+ Kh7 32. Rf6 Nd4 33. Rd2 b6
34. Be3 bxc5 35. bxc5 Nc6 36. Nxe4 Nce5 37. Nd6 Ng4 38. Rf3 Nxe3 39. Rxe3 1-0